000 00720nam a2200241Ia 4500
003 OSt
005 20221005120315.0
006 a|||||r|||| 00| 0
007 ta
008 221004b |||||||| |||| 00| 0 eng d
024 _a66614
037 _cTextual
040 _aCRL
_cCRL
_beng
041 _2eng
_aeng
082 _aV52:8-19:N35<-N22, 121J3.1-.4
110 _aItaly, Affairs Esteri (Ministere Degli-).
_9628975
245 0 _aDocumenti diplomatici Italiani
_b Settima series, 1922-1935.
260 _c1953
650 _aHISTORY
700 _aItaly, Affairs Esteri (Ministere Degli-).
_9628976
942 _hV52:8-19:N35<-N22, 121J3.1-.4
_cTEXL
_2cc
999 _c1037607
_d1037607